The demise of urban compound houses (Record no. 106456)

MARC details
000 -LEADER
fixed length control field 01313cam a2200253 4500
001 - CONTROL NUMBER
control field L136617
008 - FIXED-LENGTH DATA ELEMENTS--GENERAL INFORMATION
fixed length control field 070212n2006 000 0 eng u
020 ## - INTERNATIONAL STANDARD BOOK NUMBER
International Standard Book Number 9781842192849 (correct)
Canceled/invalid ISBN 99781842192841 (wrongly issued)
035 ## - SYSTEM CONTROL NUMBER
System control number (Sirsi) u136617
041 0# - LANGUAGE CODE
Language code of text/sound track or separate title eng
050 04 - LIBRARY OF CONGRESS CALL NUMBER
Classification number 711.52 $2 18
100 1# - MAIN ENTRY--PERSONAL NAME
Personal name Andreasen, Jørgen
245 04 - TITLE STATEMENT
Title The demise of urban compound houses
Remainder of title consequences for the low income population of Kumasi, Ghana
Medium [electronic resource]
Statement of responsibility, etc. [archived]
260 ## - PUBLICATION, DISTRIBUTION, ETC.
Place of publication, distribution, etc. London
Name of publisher, distributor, etc. RICS
Date of publication, distribution, etc. 2006
490 #0 - SERIES STATEMENT
Series statement RICS Research Paper Series
Volume/sequential designation 6(8)
505 2# - FORMATTED CONTENTS NOTE
Formatted contents note Characteristics of a compound house -- Disadvantages of a compound house -- Characteristics of compounds that are advantageous in Kumasi -- Current multi-occupied housing forms -- Survival of the merits of compound housing -- Propositions for the future.
520 ## - SUMMARY, ETC.
Summary, etc. Examines the characteristics of compound housing and analyses the advantages and disadvantages of life within such housing in Kumasi, Ghana.
651 #4 - SUBJECT ADDED ENTRY--GEOGRAPHIC NAME
Geographic name GHANA
690 ## - LOCAL SUBJECT ADDED ENTRY--TOPICAL TERM (OCLC, RLIN)
Topical term or geographic name as entry element PROPERTY-RESIDENTIAL PROPERTY-RESIDENTIAL PROPERTY DEVELOPMENT
700 1# - ADDED ENTRY--PERSONAL NAME
Personal name Eskemose, Jørgen
700 1# - ADDED ENTRY--PERSONAL NAME
Personal name Tipple, Graham
856 40 - ELECTRONIC LOCATION AND ACCESS
Uniform Resource Identifier <a href="https://www.rics.org/profession-standards/knowledge-and-information-services">https://www.rics.org/profession-standards/knowledge-and-information-services</a>
Public note Please email [email protected] for a digital copy
942 ## - ADDED ENTRY ELEMENTS (KOHA)
Suppress in OPAC 0
Source of classification or shelving scheme Dewey Decimal Classification
Holdings
Withdrawn status Lost status Source of classification or shelving scheme Damaged status Not for loan Home library Current library Shelving location Date acquired Total Checkouts Full call number Barcode Date last seen Copy number Price effective from Koha item type Public note
    Dewey Decimal Classification     Virtual Virtual Online 12/02/2007   ONLINE PUBLICATION 136617-1001 06/08/2019 1 06/08/2019 Online material Please contact [email protected] to request a digital copy